000 00232 a2200097 4500
001 11380
100 _aGattrone Hardry
245 _aA Short History of International Affairs
260 _a
_bOxford University
_c
090 _c8927
_d8927
942 _aNUST-CAE
_c
_c35741
999 _c246453
_d246453